[Event "Eurasia Open Cup 2019"]
[Site "Ekaterinburg"]
[Date "2019.08.01"]
[Round "2.21"]
[White "Nesterov, Arseniy"]
[Black "Iljushina, Olga"]
[Result "1-0"]
[WhiteElo "2451"]
[BlackElo "2208"]
[Annotator "ChessBase"]
[PlyCount "81"]
[EventDate "2019.07.31"]
[EventType "swiss"]
[EventCountry "RUS"]
[SourceTitle "playchess.com"]
[Source "ChessBase"]
[SourceQuality "1"]
[TimeControl "5400+30"]

1. d4 {[%emt 0:00:00]} Nf6 {[%emt 0:02:11]} 2. c4 {[%emt 0:00:00]} e6 {[%emt 0:00:05]} 3. Nc3 {[%emt 0:00:00]} d5 {[%emt 0:01:22]} 4. Nf3 {[%emt 0:00:47]} Be7 {[%emt 0:00:40]} 5. Bg5 {[%emt 0:00:30]} Nbd7 {[%emt 0:00:14]} 6. e3 {[%emt 0:00:49]} O-O {[%emt 0:00:36]} 7. Rc1 {[%emt 0:02:53]} a6 {[%emt 0:03:42]} 8. cxd5 {[%emt 0:02:50]} exd5 {[%emt 0:00:43]} 9. Bd3 {[%emt 0:01:43]} Re8 {[%emt 0:00:34]} 10. O-O {[%emt 0:01:36]} c6 {[%emt 0:02:36]} 11. Qc2 {[%emt 0:01:40]} Nf8 {[%emt 0:00:19]} 12. Ne5 {[%emt 0:04:29]} Ng4 {[%emt 0:01:42]} 13. Bf4 {[%emt 0:06:15]} Bd6 {[%emt 0:02:51]} 14. Nxg4 {[%emt 0:00:12]} Bxg4 {[%emt 0:02:18]} 15. Bxd6 {[%emt 0:09:16]} Qxd6 {[%emt 0:00:06]} 16. Na4 {[%emt 0:00:09]} Re6 {[%emt 0:10:35]} 17. h3 {[%emt 0:01:13]} Rh6 {[%emt 0:02:58]} 18. f4 {[%emt 0:13:10]} Bd7 {[%emt 0:02:44]} 19. Nc5 {[%emt 0:03:58]} Re8 {[%emt 0:02:45]} 20. Nxb7 {[%emt 0:07:56]} Qe7 {[%emt 0:03:04]} 21. Nc5 {[%emt 0:05:10]} Bxh3 {[%emt 0:04:02]} 22. Qf2 {[%emt 0:01:13]} Bc8 {[%emt 0:02:34]} 23. e4 {[%emt 0:01:37]} dxe4 {[%emt 0:00:05]} 24. Bxe4 {[%emt 0:03:47]} Rd8 {[%emt 0:01:10]} 25. Rfe1 {[%emt 0:00:39]} Qf6 {[%emt 0:01:39]} 26. Nb3 {[%emt 0:03:14]} Rd6 {[%emt 0:03:47]} 27. Na5 {[%emt 0:00:11]} Bd7 {[%emt 0:01:22]} 28. Rcd1 {[%emt 0:09:38]} Bg4 {[%emt 0:03:46]} 29. Rd2 {[%emt 0:00:11]} Rh5 {[%emt 0:04:27]} 30. Nc4 {[%emt 0:00:19]} Qh6 {[%emt 0:09:45]} 31. g3 {[%emt 0:00:23]} f5 {[%emt 0:03:31]} 32. Bg2 {[%emt 0:00:06]} Rf6 {[%emt 0:02:15]} 33. d5 {[%emt 0:00:49]} cxd5 {[%emt 0:03:01]} 34. Bxd5+ {[%emt 0:01:53]} Kh8 {[%emt 0:07:09]} 35. Ne5 {[%emt 0:00:11]} Rh3 {[%emt 0:00:03]} 36. Rc2 {[%emt 0:00:14]} Qh5 {[%emt 0:02:14]} 37. Rc8 {[%emt 0:04:54]} g5 {[%emt 0:03:58]} 38. Nd7 {[%emt 0:01:19]} gxf4 {[%emt 0:06:38]} 39. Rxf8+ {[%emt 0:00:32]} Kg7 {[%emt 0:01:50]} 40. Rg8+ {[%emt 0:00:58]} Kh6 {[%emt 0:00:54]} 41. Qxf4+ {[%emt 0:00:05]} 1-0

[Event "Eurasia Open Cup 2019"]
[Site "Ekaterinburg"]
[Date "2019.08.01"]
[Round "2.22"]
[White "Saunina, Ludmila"]
[Black "Kabanov, Nikolai"]
[Result "0-1"]
[WhiteElo "2199"]
[BlackElo "2450"]
[Annotator "ChessBase"]
[PlyCount "74"]
[EventDate "2019.07.31"]
[EventType "swiss"]
[EventCountry "RUS"]
[SourceTitle "playchess.com"]
[Source "ChessBase"]
[SourceQuality "1"]
[TimeControl "5400+30"]

1. d4 {[%emt 0:00:00]} Nf6 {[%emt 0:08:18]} 2. c4 {[%emt 0:00:00]} g6 {[%emt 0:00:14]} 3. Nc3 {[%emt 0:00:07]} Bg7 {[%emt 0:00:08]} 4. Nf3 {[%emt 0:00:10]} O-O {[%emt 0:00:10]} 5. Bg5 {[%emt 0:00:08]} c5 {[%emt 0:01:01]} 6. d5 {[%emt 0:03:25]} b5 {[%emt 0:00:54]} 7. cxb5 {[%emt 0:04:00]} a6 {[%emt 0:07:37]} 8. bxa6 {[%emt 0:17:07]} Bxa6 {[%emt 0:06:42]} 9. g3 {[%emt 0:03:36]} Qa5 {[%emt 0:16:05]} 10. Nd2 {[%emt 0:01:16]} d6 {[%emt 0:03:53]} 11. Bg2 {[%emt 0:01:58]} Nbd7 {[%emt 0:00:25]} 12. O-O {[%emt 0:01:03]} Rfb8 {[%emt 0:00:22]} 13. Qc2 {[%emt 0:04:06]} h6 {[%emt 0:01:21]} 14. Nb3 {[%emt 0:02:10]} Qb4 {[%emt 0:05:02]} 15. Bc1 {[%emt 0:01:33]} Ne8 {[%emt 0:06:26]} 16. f4 {[%emt 0:03:45]} Nc7 {[%emt 0:02:01]} 17. Kh1 {[%emt 0:10:28]} Nf6 {[%emt 0:03:46]} 18. h3 {[%emt 0:02:25]} Bc4 {[%emt 0:07:10]} 19. Nd2 {[%emt 0:02:20]} Bxd5 {[%emt 0:00:23]} 20. Nxd5 {[%emt 0:05:41]} Nfxd5 {[%emt 0:00:26]} 21. Qd3 {[%emt 0:04:33]} Qd4 {[%emt 0:02:27]} 22. Re1 {[%emt 0:07:58]} Qxd3 {[%emt 0:05:32]} 23. exd3 {[%emt 0:00:35]} Bxb2 {[%emt 0:00:00]} 24. Rb1 {[%emt 0:03:35]} Bxc1 {[%emt 0:00:37]} 25. Rexc1 {[%emt 0:01:15]} Rxb1 {[%emt 0:00:25]} 26. Rxb1 {[%emt 0:01:44]} Rxa2 {[%emt 0:00:08]} 27. Nc4 {[%emt 0:00:07]} Ra7 {[%emt 0:07:09]} 28. Bf3 {[%emt 0:05:28]} Kg7 {[%emt 0:00:37]} 29. Rb2 {[%emt 0:01:12]} Nc3 {[%emt 0:03:23]} 30. Bc6 {[%emt 0:02:06]} N7d5 {[%emt 0:01:51]} 31. Rd2 {[%emt 0:03:28]} h5 {[%emt 0:01:16]} 32. h4 {[%emt 0:00:00]} Nb4 {[%emt 0:00:49]} 33. Bf3 {[%emt 0:00:26]} d5 {[%emt 0:00:43]} 34. Ne3 {[%emt 0:01:48]} e6 {[%emt 0:00:13]} 35. Kg2 {[%emt 0:01:32]} Ra2 {[%emt 0:00:48]} 36. Rxa2 {[%emt 0:00:00]} Ncxa2 {[%emt 0:00:00]} 37. Be2 {[%emt 0:00:45]} Nc1 {[%emt 0:00:00]} 0-1

[Event "Eurasia Open Cup 2019"]
[Site "Ekaterinburg"]
[Date "2019.08.01"]
[Round "2.23"]
[White "Khusenkhojaev, Muhammad"]
[Black "Chigaeva, Anastasia"]
[Result "1-0"]
[WhiteElo "2441"]
[BlackElo "2193"]
[Annotator "NA"]
[PlyCount "70"]
[EventDate "2019.07.31"]
[EventType "swiss"]
[EventCountry "RUS"]
[SourceTitle "playchess.com"]
[Source "ChessBase"]
[SourceQuality "1"]
[TimeControl "5400+30"]

1. Nf3 {[%emt 0:00:00]} d5 {[%emt 0:00:00]} 2. c4 {[%emt 0:00:34]} c6 {[%emt 0:00:00]} 3. e3 {[%emt 0:00:00]} Nf6 {[%emt 0:01:28]} 4. Nc3 {[%emt 0:00:02]} Bg4 {[%emt 0:00:56]} 5. d4 {[%emt 0:00:16]} e6 {[%emt 0:02:01]} 6. Qb3 {[%emt 0:00:38]} Qc7 {[%emt 0:03:29]} 7. Ne5 {[%emt 0:02:07]} Bf5 {[%emt 0:05:43]} 8. Be2 {[%emt 0:00:46]} Bd6 {[%emt 0:02:58]} 9. g4 {[%emt 0:00:39]} Bg6 {[%emt 0:01:35]} 10. h4 {[%emt 0:00:32]} Bxe5 {[%emt 0:15:37]} 11. dxe5 {[%emt 0:00:39]} Nfd7 {[%emt 0:07:42]} 12. cxd5 {[%emt 0:00:18]} Nxe5 {[%emt 0:01:28]} 13. dxe6 {[%emt 0:04:10]} O-O {[%emt 0:09:59]} 14. h5 {[%emt 0:05:17]} Bd3 {[%emt 0:05:00]} 15. g5 {[%emt 0:10:46]} Na6 {[%emt 0:00:52]} 16. f4 {[%emt 0:00:18]} Bxe2 {[%emt 0:05:54]} 17. Kxe2 {[%emt 0:08:22]} Nc5 {[%emt 0:04:29]} 18. Qa3 {[%emt 0:00:59]} Ned3 {[%emt 0:00:30]} 19. Rd1 {[%emt 0:03:47]} Rfd8 {[%emt 0:01:52]} 20. b4 {[%emt 0:06:17]} Nxc1+ {[%emt 0:00:19]} 21. Raxc1 {[%emt 0:04:49]} Rxd1 {[%emt 0:06:12]} 22. Rxd1 {[%emt 0:07:35]} Nxe6 {[%emt 0:00:45]} 23. Ne4 {[%emt 0:00:07]} Re8 {[%emt 0:05:19]} 24. Kf3 {[%emt 0:00:04]} Qe7 {[%emt 0:00:12]} 25. Nd6 {[%emt 0:00:06]} Rd8 {[%emt 0:02:18]} 26. Nf5 {[%emt 0:00:22]} Qc7 {[%emt 0:08:24]} 27. Qb3 {[%emt 0:05:49]} c5 {[%emt 0:01:11]} 28. bxc5 {[%emt 0:00:16]} Rxd1 {[%emt 0:00:56]} 29. Qxd1 {[%emt 0:03:42]} Qxc5 {[%emt 0:03:42]} 30. Qd7 {[%emt 0:09:54]} Qc6+ {[%emt 0:02:34]} 31. Qxc6 {[%emt 0:00:05]} bxc6 {[%emt 0:01:01]} 32. Ne7+ {[%emt 0:00:07]} Kf8 {[%emt 0:00:33]} 33. Nxc6 {[%emt 0:00:08]} a6 {[%emt 0:00:03]} 34. Ke4 {[%emt 0:00:04]} Nc7 {[%emt 0:00:04]} 35. a4 {[%emt 0:00:09]} Ke8 {[%emt 0:00:20]} 1-0

[Event "Eurasia Open Cup 2019"]
[Site "Ekaterinburg"]
[Date "2019.08.01"]
[Round "2.24"]
[White "Isaev, Anton"]
[Black "Davtyan, Artur"]
[Result "1-0"]
[WhiteElo "2191"]
[BlackElo "2440"]
[Annotator "NA"]
[PlyCount "67"]
[EventDate "2019.07.31"]
[EventType "swiss"]
[EventCountry "RUS"]
[SourceTitle "playchess.com"]
[Source "ChessBase"]
[SourceQuality "1"]
[TimeControl "5400+30"]

1. Nf3 {[%emt 0:00:00]} Nf6 {[%emt 0:00:00]} 2. e3 {[%emt 0:00:00]} b6 {[%emt 0:01:43]} 3. c4 {[%emt 0:00:00]} Bb7 {[%emt 0:00:43]} 4. b3 {[%emt 0:00:00]} g6 {[%emt 0:00:00]} 5. Bb2 {[%emt 0:00:00]} Bg7 {[%emt 0:00:00]} 6. d4 {[%emt 0:00:13]} O-O {[%emt 0:00:01]} 7. Be2 {[%emt 0:02:23]} e6 {[%emt 0:06:34]} 8. O-O {[%emt 0:00:00]} d6 {[%emt 0:00:41]} 9. Nc3 {[%emt 0:00:28]} Nbd7 {[%emt 0:00:05]} 10. Nd2 {[%emt 0:01:30]} Re8 {[%emt 0:15:30]} 11. Bf3 {[%emt 0:00:54]} d5 {[%emt 0:00:02]} 12. e4 {[%emt 0:09:49]} dxe4 {[%emt 0:19:02]} 13. Ndxe4 {[%emt 0:00:53]} Nxe4 {[%emt 0:00:18]} 14. Nxe4 {[%emt 0:00:19]} Qe7 {[%emt 0:13:25]} 15. Qc2 {[%emt 0:02:24]} Rad8 {[%emt 0:02:42]} 16. Rad1 {[%emt 0:01:02]} Nb8 {[%emt 0:00:32]} 17. Rfe1 {[%emt 0:00:41]} Rd7 {[%emt 0:10:53]} 18. Nd2 {[%emt 0:01:34]} c6 {[%emt 0:05:49]} 19. Ne4 {[%emt 0:04:01]} Red8 {[%emt 0:01:37]} 20. c5 {[%emt 0:12:32]} Bxd4 {[%emt 0:00:45]} 21. Bxd4 {[%emt 0:00:27]} Rxd4 {[%emt 0:00:47]} 22. Rxd4 {[%emt 0:00:34]} Rxd4 {[%emt 0:10:28]} 23. Qc3 {[%emt 0:02:21]} bxc5 {[%emt 0:00:01]} 24. b4 {[%emt 0:02:40]} Ba6 {[%emt 0:00:31]} 25. bxc5 {[%emt 0:00:39]} e5 {[%emt 0:00:04]} 26. Nd6 {[%emt 0:00:28]} Qe6 {[%emt 0:03:26]} 27. Qa5 {[%emt 0:01:17]} Kg7 {[%emt 0:04:15]} 28. Qc7 {[%emt 0:07:39]} Rb4 {[%emt 0:00:33]} 29. a3 {[%emt 0:00:13]} Rb2 {[%emt 0:02:29]} 30. Bg4 {[%emt 0:00:35]} Qd5 {[%emt 0:00:19]} 31. Qe7 {[%emt 0:05:38]} h5 {[%emt 0:01:09]} 32. Ne8+ {[%emt 0:02:16]} Kh6 {[%emt 0:00:26]} 33. h4 {[%emt 0:00:42]} Nd7 {[%emt 0:00:34]} 34. Bxd7 {[%emt 0:00:33]} 1-0

[Event "Eurasia Open Cup 2019"]
[Site "Ekaterinburg"]
[Date "2019.08.01"]
[Round "2.25"]
[White "Shubin, Kirill"]
[Black "Fokin, Sergey"]
[Result "1-0"]
[WhiteElo "2426"]
[BlackElo "2189"]
[Annotator "NA"]
[PlyCount "63"]
[EventDate "2019.07.31"]
[EventType "swiss"]
[EventCountry "RUS"]
[SourceTitle "playchess.com"]
[Source "ChessBase"]
[SourceQuality "1"]
[TimeControl "5400+30"]

1. e4 {[%emt 0:00:00]} d5 {[%emt 0:00:00]} 2. exd5 {[%emt 0:00:00]} Qxd5 {[%emt 0:00:00]} 3. Nc3 {[%emt 0:00:00]} Qd6 {[%emt 0:00:00]} 4. d4 {[%emt 0:00:01]} Nf6 {[%emt 0:00:04]} 5. Nf3 {[%emt 0:00:15]} Bg4 {[%emt 0:02:36]} 6. h3 {[%emt 0:01:04]} Bxf3 {[%emt 0:00:25]} 7. Qxf3 {[%emt 0:00:05]} c6 {[%emt 0:00:10]} 8. Be3 {[%emt 0:02:47]} e6 {[%emt 0:00:20]} 9. O-O-O {[%emt 0:00:30]} Qc7 {[%emt 0:08:04]} 10. Bd3 {[%emt 0:05:07]} Nbd7 {[%emt 0:02:11]} 11. Rhe1 {[%emt 0:09:36]} Bb4 {[%emt 0:11:18]} 12. Bd2 {[%emt 0:01:26]} O-O {[%emt 0:02:15]} 13. a3 {[%emt 0:03:41]} Be7 {[%emt 0:07:12]} 14. g4 {[%emt 0:01:55]} Rfe8 {[%emt 0:05:27]} 15. g5 {[%emt 0:02:30]} Nd5 {[%emt 0:00:26]} 16. Ne4 {[%emt 0:06:07]} e5 {[%emt 0:09:40]} 17. c4 {[%emt 0:11:28]} Nf4 {[%emt 0:01:56]} 18. Bxf4 {[%emt 0:03:47]} exf4 {[%emt 0:07:26]} 19. h4 {[%emt 0:00:33]} Nf8 {[%emt 0:00:39]} 20. Bc2 {[%emt 0:00:20]} Rad8 {[%emt 0:03:03]} 21. Kb1 {[%emt 0:02:12]} Ne6 {[%emt 0:00:05]} 22. d5 {[%emt 0:00:16]} Nf8 {[%emt 0:00:35]} 23. h5 {[%emt 0:00:52]} cxd5 {[%emt 0:00:53]} 24. cxd5 {[%emt 0:01:04]} Rc8 {[%emt 0:06:20]} 25. Rc1 {[%emt 0:02:08]} Qb6 {[%emt 0:17:11]} 26. h6 {[%emt 0:02:53]} gxh6 {[%emt 0:03:13]} 27. gxh6 {[%emt 0:00:24]} f5 {[%emt 0:00:19]} 28. d6 {[%emt 0:03:04]} fxe4 {[%emt 0:01:53]} 29. Qg4+ {[%emt 0:02:55]} Ng6 {[%emt 0:04:01]} 30. Bb3+ {[%emt 0:00:42]} Qxb3 {[%emt 0:00:51]} 31. Rxc8 {[%emt 0:05:17]} Bd8 {[%emt 0:01:35]} 32. Qd7 {[%emt 0:00:31]} 1-0

[Event "Eurasia Open Cup 2019"]
[Site "Ekaterinburg"]
[Date "2019.08.01"]
[Round "2.26"]
[White "Pogorelskikh, Sofia"]
[Black "Savitskiy, Sergey"]
[Result "1/2-1/2"]
[WhiteElo "2189"]
[BlackElo "2418"]
[Annotator "NA"]
[PlyCount "60"]
[EventDate "2019.07.31"]
[EventType "swiss"]
[EventCountry "RUS"]
[SourceTitle "playchess.com"]
[Source "ChessBase"]
[SourceQuality "1"]
[TimeControl "5400+30"]

1. e4 {[%emt 0:00:00]} c5 {[%emt 0:00:00]} 2. Nf3 {[%emt 0:00:00]} d6 {[%emt 0:00:00]} 3. d4 {[%emt 0:00:00]} cxd4 {[%emt 0:00:00]} 4. Nxd4 {[%emt 0:00:00]} Nf6 {[%emt 0:00:03]} 5. Nc3 {[%emt 0:00:00]} Nc6 {[%emt 0:00:39]} 6. Bg5 {[%emt 0:00:36]} e6 {[%emt 0:00:54]} 7. Qd2 {[%emt 0:01:14]} a6 {[%emt 0:00:00]} 8. O-O-O {[%emt 0:01:53]} Bd7 {[%emt 0:01:18]} 9. f4 {[%emt 0:01:20]} Be7 {[%emt 0:02:27]} 10. Nf3 {[%emt 0:02:06]} b5 {[%emt 0:00:27]} 11. Bxf6 {[%emt 0:01:17]} gxf6 {[%emt 0:00:19]} 12. Bd3 {[%emt 0:08:53]} Qb6 {[%emt 0:10:36]} 13. Kb1 {[%emt 0:03:10]} b4 {[%emt 0:03:24]} 14. Ne2 {[%emt 0:01:40]} a5 {[%emt 0:01:47]} 15. f5 {[%emt 0:02:09]} e5 {[%emt 0:01:26]} 16. Bc4 {[%emt 0:06:17]} Rc8 {[%emt 0:06:52]} 17. Bd5 {[%emt 0:06:39]} Na7 {[%emt 0:01:47]} 18. Rc1 {[%emt 0:16:26]} Nb5 {[%emt 0:05:21]} 19. c4 {[%emt 0:04:57]} Nc7 {[%emt 0:04:07]} 20. Qh6 {[%emt 0:01:39]} Nxd5 {[%emt 0:00:02]} 21. cxd5 {[%emt 0:10:23]} Qa6 {[%emt 0:07:10]} 22. Ng3 {[%emt 0:00:36]} a4 {[%emt 0:03:39]} 23. Nh5 {[%emt 0:02:45]} Qd3+ {[%emt 0:14:46]} 24. Ka1 {[%emt 0:06:29]} a3 {[%emt 0:22:36]} 25. Nxf6+ {[%emt 0:00:12]} Bxf6 {[%emt 0:00:32]} 26. Qxf6 {[%emt 0:04:25]} O-O {[%emt 0:01:19]} 27. Qg5+ {[%emt 0:00:59]} Kh8 {[%emt 0:01:06]} 28. Qf6+ {[%emt 0:08:47]} Kg8 {[%emt 0:00:00]} 29. Qg5+ {[%emt 0:00:15]} Kh8 {[%emt 0:00:00]} 30. Qf6+ {[%emt 0:01:50]} Kg8 {[%emt 0:00:23]} 1/2-1/2

[Event "Eurasia Open Cup 2019"]
[Site "Ekaterinburg"]
[Date "2019.08.01"]
[Round "2.27"]
[White "Pogromsky, Mikhail"]
[Black "Safin, Robert"]
[Result "1/2-1/2"]
[WhiteElo "2414"]
[BlackElo "2188"]
[Annotator "NA"]
[PlyCount "84"]
[EventDate "2019.07.31"]
[EventType "swiss"]
[EventCountry "RUS"]
[SourceTitle "playchess.com"]
[Source "ChessBase"]
[SourceQuality "1"]
[TimeControl "5400+30"]

1. b3 {[%emt 0:00:00]} e5 {[%emt 0:00:36]} 2. Bb2 {[%emt 0:00:00]} Nc6 {[%emt 0:00:00]} 3. e3 {[%emt 0:00:00]} g6 {[%emt 0:00:00]} 4. d4 {[%emt 0:10:02]} exd4 {[%emt 0:01:12]} 5. Nf3 {[%emt 0:00:00]} Bb4+ {[%emt 0:02:59]} 6. Nbd2 {[%emt 0:01:04]} Bc3 {[%emt 0:00:09]} 7. Bxc3 {[%emt 0:00:19]} dxc3 {[%emt 0:00:05]} 8. Ne4 {[%emt 0:00:15]} Nf6 {[%emt 0:05:28]} 9. Nxc3 {[%emt 0:01:30]} O-O {[%emt 0:00:12]} 10. g3 {[%emt 0:05:51]} d6 {[%emt 0:04:42]} 11. Bg2 {[%emt 0:00:30]} Bg4 {[%emt 0:03:23]} 12. h3 {[%emt 0:01:01]} Be6 {[%emt 0:03:49]} 13. Nd4 {[%emt 0:04:43]} Nxd4 {[%emt 0:05:48]} 14. Qxd4 {[%emt 0:00:08]} Qe7 {[%emt 0:00:13]} 15. e4 {[%emt 0:02:55]} Bd7 {[%emt 0:00:32]} 16. f4 {[%emt 0:08:21]} c5 {[%emt 0:04:23]} 17. Qd3 {[%emt 0:07:50]} Bc6 {[%emt 0:05:30]} 18. O-O-O {[%emt 0:01:30]} Rfd8 {[%emt 0:05:02]} 19. Rhe1 {[%emt 0:04:56]} a6 {[%emt 0:02:24]} 20. g4 {[%emt 0:04:21]} b5 {[%emt 0:06:23]} 21. Bf3 {[%emt 0:03:49]} b4 {[%emt 0:01:05]} 22. Nd5 {[%emt 0:01:47]} Bxd5 {[%emt 0:01:49]} 23. exd5 {[%emt 0:01:29]} Qf8 {[%emt 0:01:38]} 24. g5 {[%emt 0:00:05]} Ne8 {[%emt 0:02:53]} 25. f5 {[%emt 0:00:35]} gxf5 {[%emt 0:00:42]} 26. Qxf5 {[%emt 0:02:19]} Nc7 {[%emt 0:01:01]} 27. Qf6 {[%emt 0:00:32]} Re8 {[%emt 0:04:14]} 28. Re4 {[%emt 0:15:08]} Rxe4 {[%emt 0:02:18]} 29. Bxe4 {[%emt 0:12:47]} Re8 {[%emt 0:02:11]} 30. Bd3 {[%emt 0:00:02]} Re5 {[%emt 0:00:45]} 31. Bc4 {[%emt 0:01:01]} Qe7 {[%emt 0:01:55]} 32. Qf2 {[%emt 0:01:12]} Nb5 {[%emt 0:05:59]} 33. Bxb5 {[%emt 0:02:20]} axb5 {[%emt 0:05:53]} 34. Kb1 {[%emt 0:00:31]} Re2 {[%emt 0:00:07]} 35. Qf1 {[%emt 0:01:00]} c4 {[%emt 0:00:32]} 36. Rc1 {[%emt 0:00:43]} c3 {[%emt 0:05:55]} 37. h4 {[%emt 0:00:16]} Qa7 {[%emt 0:01:11]} 38. a4 {[%emt 0:01:15]} Qe3 {[%emt 0:04:02]} 39. a5 {[%emt 0:00:55]} Rf2 {[%emt 0:00:11]} 40. Qg1 {[%emt 0:00:59]} Kf8 {[%emt 0:05:24]} 41. Re1 {[%emt 0:01:26]} Qd2 {[%emt 0:00:32]} 42. Rc1 {[%emt 0:01:27]} Qe3 {[%emt 0:00:07]} 1/2-1/2

[Event "Eurasia Open Cup 2019"]
[Site "Ekaterinburg"]
[Date "2019.08.01"]
[Round "2.28"]
[White "Skvortsov, Andrei"]
[Black "Kopylov, Alexander A."]
[Result "1-0"]
[WhiteElo "2186"]
[BlackElo "2410"]
[Annotator "NA"]
[PlyCount "182"]
[EventDate "2019.07.31"]
[EventType "swiss"]
[EventCountry "RUS"]
[SourceTitle "playchess.com"]
[Source "ChessBase"]
[SourceQuality "1"]
[TimeControl "5400+30"]

1. c4 {[%emt 0:05:36]} e5 {[%emt 0:02:50]} 2. Nc3 {[%emt 0:00:18]} Nf6 {[%emt 0:00:37]} 3. g3 {[%emt 0:00:03]} c6 {[%emt 0:00:00]} 4. e4 {[%emt 0:06:49]} d5 {[%emt 0:00:43]} 5. cxd5 {[%emt 0:07:00]} cxd5 {[%emt 0:00:25]} 6. exd5 {[%emt 0:00:10]} Nxd5 {[%emt 0:01:23]} 7. Nf3 {[%emt 0:06:51]} Nc6 {[%emt 0:02:22]} 8. Bg2 {[%emt 0:09:12]} Nxc3 {[%emt 0:10:07]} 9. dxc3 {[%emt 0:00:36]} Qxd1+ {[%emt 0:02:21]} 10. Kxd1 {[%emt 0:00:04]} Bc5 {[%emt 0:10:59]} 11. Be3 {[%emt 0:00:07]} Bxe3 {[%emt 0:03:27]} 12. fxe3 {[%emt 0:02:21]} f6 {[%emt 0:03:07]} 13. Nd2 {[%emt 0:00:30]} Be6 {[%emt 0:03:19]} 14. Kc2 {[%emt 0:00:13]} O-O-O {[%emt 0:06:10]} 15. Bxc6 {[%emt 0:05:09]} bxc6 {[%emt 0:00:48]} 16. e4 {[%emt 0:00:11]} Rd6 {[%emt 0:00:10]} 17. Rhf1 {[%emt 0:08:54]} Rhd8 {[%emt 0:05:44]} 18. Rf2 {[%emt 0:01:32]} Kc7 {[%emt 0:04:38]} 19. Re1 {[%emt 0:00:31]} a5 {[%emt 0:03:16]} 20. b3 {[%emt 0:05:51]} a4 {[%emt 0:02:54]} 21. c4 {[%emt 0:03:39]} Ra8 {[%emt 0:05:35]} 22. Kc3 {[%emt 0:02:35]} axb3 {[%emt 0:06:57]} 23. axb3 {[%emt 0:00:24]} Ra2 {[%emt 0:02:50]} 24. Re3 {[%emt 0:00:08]} Bxc4 {[%emt 0:00:11]} 25. bxc4 {[%emt 0:05:01]} Rdxd2 {[%emt 0:03:08]} 26. Rxd2 {[%emt 0:03:07]} Ra3+ {[%emt 0:00:11]} 27. Kb4 {[%emt 0:00:37]} Rxe3 {[%emt 0:00:04]} 28. Kc5 {[%emt 0:00:01]} Ra3 {[%emt 0:00:06]} 29. Kb4 {[%emt 0:00:00]} Ra1 {[%emt 0:01:53]} 30. Kc5 {[%emt 0:00:00]} h5 {[%emt 0:02:31]} 31. g4 {[%emt 0:00:00]} hxg4 {[%emt 0:00:59]} 32. Rg2 {[%emt 0:02:35]} Ra5+ {[%emt 0:03:19]} 33. Kb4 {[%emt 0:00:31]} Kb6 {[%emt 0:00:44]} 34. Rxg4 {[%emt 0:00:00]} c5+ {[%emt 0:00:00]} 35. Kb3 {[%emt 0:00:00]} Ra7 {[%emt 0:00:07]} 36. Rg2 {[%emt 0:00:08]} Kc6 {[%emt 0:00:39]} 37. Rd2 {[%emt 0:03:18]} Rb7+ {[%emt 0:00:10]} 38. Kc3 {[%emt 0:00:05]} Rd7 {[%emt 0:01:13]} 39. Rg2 {[%emt 0:00:35]} Kd6 {[%emt 0:01:43]} 40. Rd2+ {[%emt 0:01:19]} Ke6 {[%emt 0:02:17]} 41. Rd5 {[%emt 0:00:27]} Rc7 {[%emt 0:02:12]} 42. Kd3 {[%emt 0:00:08]} Rc8 {[%emt 0:00:09]} 43. Ke3 {[%emt 0:01:34]} Rh8 {[%emt 0:03:50]} 44. Rxc5 {[%emt 0:01:05]} Rh3+ {[%emt 0:00:14]} 45. Kd2 {[%emt 0:00:05]} Rxh2+ {[%emt 0:00:00]} 46. Kd3 {[%emt 0:00:56]} Rh3+ {[%emt 0:00:00]} 47. Kd2 {[%emt 0:00:00]} Rh8 {[%emt 0:00:09]} 48. Ke3 {[%emt 0:00:00]} Kd6 {[%emt 0:01:49]} 49. Ra5 {[%emt 0:00:07]} Kc6 {[%emt 0:01:55]} 50. Ra7 {[%emt 0:01:01]} Rh3+ {[%emt 0:01:04]} 51. Kf2 {[%emt 0:00:11]} Rh4 {[%emt 0:01:00]} 52. Kf3 {[%emt 0:00:09]} Rf4+ {[%emt 0:00:26]} 53. Ke3 {[%emt 0:00:40]} Rg4 {[%emt 0:00:12]} 54. Kf3 {[%emt 0:00:09]} Rg1 {[%emt 0:00:11]} 55. Kf2 {[%emt 0:00:04]} Rg5 {[%emt 0:00:10]} 56. Ke3 {[%emt 0:00:06]} Kc5 {[%emt 0:00:38]} 57. Rc7+ {[%emt 0:00:21]} Kd6 {[%emt 0:00:09]} 58. Ra7 {[%emt 0:00:07]} Rg3+ {[%emt 0:00:55]} 59. Kf2 {[%emt 0:00:10]} Rg4 {[%emt 0:01:27]} 60. Kf3 {[%emt 0:00:00]} Rf4+ {[%emt 0:00:00]} 61. Ke3 {[%emt 0:00:00]} g5 {[%emt 0:00:00]} 62. Ra8 {[%emt 0:01:15]} Rf1 {[%emt 0:01:26]} 63. Ke2 {[%emt 0:01:56]} Rc1 {[%emt 0:00:11]} 64. Kd3 {[%emt 0:01:36]} Ke6 {[%emt 0:00:50]} 65. Ra7 {[%emt 0:00:09]} Rd1+ {[%emt 0:00:10]} 66. Ke3 {[%emt 0:00:05]} Rd7 {[%emt 0:01:06]} 67. Ra6+ {[%emt 0:00:00]} Kf7 {[%emt 0:00:07]} 68. Ra1 {[%emt 0:01:33]} Kg6 {[%emt 0:01:29]} 69. c5 {[%emt 0:01:08]} Rc7 {[%emt 0:00:57]} 70. Rc1 {[%emt 0:00:06]} Kf7 {[%emt 0:00:28]} 71. Kd3 {[%emt 0:00:05]} Ke6 {[%emt 0:00:47]} 72. Kc4 {[%emt 0:00:00]} f5 {[%emt 0:01:27]} 73. exf5+ {[%emt 0:00:13]} Kxf5 {[%emt 0:00:03]} 74. Rf1+ {[%emt 0:00:00]} Ke6 {[%emt 0:00:13]} 75. Kb5 {[%emt 0:00:43]} e4 {[%emt 0:00:12]} 76. Kb6 {[%emt 0:00:40]} Rc8 {[%emt 0:00:00]} 77. c6 {[%emt 0:00:00]} Ke5 {[%emt 0:00:55]} 78. Kb7 {[%emt 0:00:00]} Rg8 {[%emt 0:01:26]} 79. c7 {[%emt 0:00:25]} e3 {[%emt 0:00:10]} 80. Rg1 {[%emt 0:00:07]} Kf4 {[%emt 0:00:06]} 81. Rf1+ {[%emt 0:00:02]} Ke4 {[%emt 0:00:34]} 82. Rg1 {[%emt 0:00:58]} e2 {[%emt 0:00:24]} 83. Rxg5 {[%emt 0:01:29]} Rxg5 {[%emt 0:00:14]} 84. c8=Q {[%emt 0:00:04]} e1=Q {[%emt 0:00:00]} 85. Qc6+ {[%emt 0:11:25]} Kf4 {[%emt 0:00:26]} 86. Qf6+ {[%emt 0:01:21]} Kg4 {[%emt 0:00:04]} 87. Qd4+ {[%emt 0:00:04]} Kg3 {[%emt 0:00:11]} 88. Qd6+ {[%emt 0:03:42]} Kg2 {[%emt 0:00:13]} 89. Qc6+ {[%emt 0:01:34]} Kg1 {[%emt 0:00:08]} 90. Qb6+ {[%emt 0:00:34]} Qf2 {[%emt 0:00:12]} 91. Qb1+ {[%emt 0:00:04]} Kg2 {[%emt 0:00:08]} 1-0